Polyfunkčný dom vo vybranej lokalite

Uložené v:
Podrobná bibliografia
Hlavný autor: Spodniaková, Zuzana (Autor)
Ďalší autori: Macháčová, Klára (Vedúci práce)
Médium: Rukopis Kniha
Jazyk:Slovak
Vydavateľské údaje: Bratislava 2019
Predmet:
On-line prístup:http://is.stuba.sk/zp/portal_zp.pl?podrobnosti=146738
Tagy: Pridať tag
Žiadne tagy, Buďte prvý, kto otaguje tento záznam!

MARC

LEADER 00000ntm a22000003a 4500
001 stuzp72988
003 SK-STU
005 20200911095324.7
007 ta
008 150427s2015----xo-----f-mn---000-0-slo-d
040 |a STU  |b slo 
041 0 |a slo 
100 1 |a Spodniaková, Zuzana  |u 052120  |k Z4  |4 aut  |U FAD Fakulta architektúry  |T FA Ústav ekologickej a experimentálnej architektúry  |X 9849  |U A2120  |Y 393  |7 9849 
242 0 1 |a Multipurpose house  |y eng 
245 1 0 |a Polyfunkčný dom vo vybranej lokalite 
260 |c 2019  |a Bratislava 
650 4 |a práca  |2 slo 
650 4 |a bývanie  |2 slo 
650 4 |a coworking  |2 slo 
650 4 |a polyfunkcia  |2 slo 
650 4 |a Šancová ulica  |2 slo 
650 4 |a work  |2 eng 
650 4 |a housing  |2 eng 
650 4 |a coworking  |2 eng 
650 4 |a multipurpose  |2 eng 
650 4 |a Šancová street  |2 eng 
700 1 |a Macháčová, Klára  |u 052120  |k Z1  |4 ths  |U FAD Fakulta architektúry  |T FA Ústav ekologickej a experimentálnej architektúry  |X 42509  |U A2120  |Y 393  |7 A000042509 
856 4 |u http://is.stuba.sk/zp/portal_zp.pl?podrobnosti=146738  |u https://opac.crzp.sk/?fn=detailBiblioForm&sid=9F8942B94996237AABF815F666DC